000 002920000a22001330004500
003 MACL
040 _aMACL
090 _c37034
_d37032
100 _aFesting, Gabrielle
245 _aWhen Kings Rode To Delhi
260 _bWilliam Heinemann
_c1928
650 _aHistory
942 _cBOOK
_k954/Fes
999 _c36635
_d36635